000 00429nam a2200181Ia 4500
005 20250425161047.0
008 250425s9999 xx 000 0 und d
041 _aeng
082 _a629.832
100 _aTHALER, GEORGE J.
245 0 _aELEMENTS OF SERVOMECHANISM THEORY
250 _a1ST ED.
260 _aEstados Unidos
_bMCGRAW - HILL
_c1955
260 _aNEW YORK
300 _a282
942 _c01
010 _a11635
999 _c201633
_d201633